000 00744cab a2200217 4500
001 WB2744-25
008 090401t1991 xxu||||| |||| 00| 0 eng d
035 _a(Sirsi) u39986
041 _aeng
245 _aNew development plans system
260 _c1991
350 _a0
490 _aDoE News Release
_v(674) 6 November 1991 (2)
520 _aThe Government intends to consider swiftly, responses to the consultation paper on the preparation of development plans so that the new provisions can come into force February 1992.
650 _aDEVELOPMENT PLANS
650 _aPLANNING AND COMPENSATION ACT 1991
650 _aPLANNING POLICY GUIDANCE NOTE 12
690 _aPLANNING LAW AND PRACTICE
942 _n0
948 _c04/03/1997
999 _c25604
_d25604